<?xml version="1.0" encoding="UTF-8"?><?xml-stylesheet type="text/xsl" href="static/style.xsl"?><OAI-PMH xmlns="http://www.openarchives.org/OAI/2.0/" xmlns:xsi="http://www.w3.org/2001/XMLSchema-instance" xsi:schemaLocation="http://www.openarchives.org/OAI/2.0/ http://www.openarchives.org/OAI/2.0/OAI-PMH.xsd"><responseDate>2026-04-27T22:07:22Z</responseDate><request verb="GetRecord" identifier="oai:uvadoc.uva.es:10324/20385" metadataPrefix="marc">https://uvadoc.uva.es/oai/request</request><GetRecord><record><header><identifier>oai:uvadoc.uva.es:10324/20385</identifier><datestamp>2021-06-30T08:30:51Z</datestamp><setSpec>com_10324_7462</setSpec><setSpec>com_10324_5186</setSpec><setSpec>com_10324_29291</setSpec><setSpec>col_10324_7502</setSpec></header><metadata><record xmlns="http://www.loc.gov/MARC21/slim" xmlns:doc="http://www.lyncode.com/xoai" xmlns:xsi="http://www.w3.org/2001/XMLSchema-instance" xmlns:dcterms="http://purl.org/dc/terms/" xsi:schemaLocation="http://www.loc.gov/MARC21/slim http://www.loc.gov/standards/marcxml/schema/MARC21slim.xsd">
<leader>00925njm 22002777a 4500</leader>
<datafield tag="042" ind1=" " ind2=" ">
<subfield code="a">dc</subfield>
</datafield>
<datafield tag="720" ind1=" " ind2=" ">
<subfield code="a">Yannuzi, María de los Angeles</subfield>
<subfield code="e">author</subfield>
</datafield>
<datafield tag="260" ind1=" " ind2=" ">
<subfield code="c">1999</subfield>
</datafield>
<datafield tag="520" ind1=" " ind2=" ">
<subfield code="a">The political culture of Argentina has been strongly authoritarian. This is an important reason why society has accepted a sui generis system in which civilians and militars had an alternation in the state. But the last militar dictatorship has represented an important brake in this tradition, because since its end the Argentine society has begun the construction of a democratic order. In this article we are interested in the study of those elements of the Argentine political culture which, even now , and as a consequence of her authoritarian past, are putting negative conditions to the new democracy. Taking account of the neoconservative model, these authoritarian elements are increasing more, and in that way they are putting in danger the kind of democracy which has been conquered till now.</subfield>
</datafield>
<datafield tag="520" ind1=" " ind2=" ">
<subfield code="a">La Argentina se ha caracterizado por una cultura política fuertemente autoritaria que la llevó a aceptar un sistema sui generis de alternancia entre civiles y militares. Pero la última dictadura militar representó un punto de inflexión importante, ya que a partir de ella la sociedad argentina se ha abocado a la construcción de un orden democrático. En el presente trabajo nos interesa analizar aquéllos elementos de la cultura política argentina que, todavía como resabio de su pasado autoritario, condicionan la democracia emergente. Se trata de elementos que, en el marco de la implementación de un modelo neoconservador, tienden a exacerbarse más poniendo incluso en riesgo los logros obtenidos hasta ahora.</subfield>
</datafield>
<datafield tag="024" ind2=" " ind1="8">
<subfield code="a">Investigaciones históricas: Época moderna y contemporánea, 1999, N.19, pags.239-258</subfield>
</datafield>
<datafield tag="024" ind2=" " ind1="8">
<subfield code="a">0210-9425</subfield>
</datafield>
<datafield tag="024" ind2=" " ind1="8">
<subfield code="a">http://uvadoc.uva.es/handle/10324/20385</subfield>
</datafield>
<datafield tag="024" ind2=" " ind1="8">
<subfield code="a">239</subfield>
</datafield>
<datafield tag="024" ind2=" " ind1="8">
<subfield code="a">19</subfield>
</datafield>
<datafield tag="024" ind2=" " ind1="8">
<subfield code="a">258</subfield>
</datafield>
<datafield ind1=" " ind2=" " tag="653">
<subfield code="a">Historia moderna y contemporánea</subfield>
</datafield>
<datafield tag="245" ind1="0" ind2="0">
<subfield code="a">Autoritarismo, democracia y neoconservadurismo: la cultura política argentina al fin del milenio</subfield>
</datafield>
</record></metadata></record></GetRecord></OAI-PMH>